000 00368nam a2200145Ia 4500
100 _aBabu/Praveen G/ Narayana
650 _aInformation technology
942 _cBK
654 _aInformation technology workshop
245 _aBasic Concepts of Information technology Workshop
260 _bBS Publication
_c2008
300 _a233
546 _aENGLISH
999 _c30754
_d30754